Catálogo
 En Linea

Principios elementales de filosofía / (Registro nro. 37087)

Detalles MARC
000 -CABECERA
campo de control de longitud fija 00549nam a2200169 a 4500
001 - NÚMERO DE CONTROL
campo de control 000037597
005 - FECHA Y HORA DE LA ÚLTIMA TRANSACCIÓN
campo de control 20240510073817.0
008 - DATOS DE LONGITUD FIJA--INFORMACIÓN GENERAL
campo de control de longitud fija 111019s1957 do 0 0000 0 spa d
040 ## - FUENTE DE LA CATALOGACIÓN
Centro catalogador/agencia de origen DO-SdBNP
Lengua de catalogación spa
Centro/agencia transcriptor BNPHU
082 ## - NÚMERO DE LA CLASIFICACIÓN DECIMAL DEWEY
Número de clasificación 100
Número de documento/Ítem P769p
100 1# - ENTRADA PRINCIPAL--NOMBRE DE PERSONA
Nombre de persona Politzer, Georges,
Fechas asociadas al nombre 1903-1942
9 (RLIN) 60180
245 10 - MENCIÓN DE TÍTULO
Título Principios elementales de filosofía /
Mención de responsabilidad, etc. Georges Politzer ;traducción Alfredo Varela.
260 ## - PUBLICACIÓN, DISTRIBUCIÓN, ETC.
Lugar de publicación, distribución, etc. Santo Domingo :
Nombre del editor, distribuidor, etc. Libreria Nacional,
Fecha de publicación, distribución, etc. [195?].
300 ## - DESCRIPCIÓN FÍSICA
Extensión 246 p. ;
Dimensiones 21 cm.
650 #0 - PUNTO DE ACCESO ADICIONAL DE MATERIA--TÉRMINO DE MATERIA
Término de materia o nombre geográfico como elemento de entrada Filosofía
9 (RLIN) 813
700 1# - PUNTO DE ACCESO ADICIONAL--NOMBRE DE PERSONA
Nombre de persona Varela, Alfredo
Término indicativo de función/relación tr.
9 (RLIN) 64071

No hay ítems disponibles.

Con tecnología Koha